000 00376nam a2200169 4500
001 45283
090 _a45283
100 _a20251209 pory50
101 _apor
102 _aPT
200 _aAtlas da História de Portugal
_fA. do Carmo reis
205 _a2.ª ed.
210 _cAsa
_d1987
215 _a95, [1] p.
_cil.
675 _a94(469)
801 _aPT
_gRPC
990 _cLIVROS